[Event "BCF-chT1d 1011 (4NCL) Demotion pool"]
[Site "England"]
[Date "2011.04.30"]
[Round "9.17"]
[White "Fishburne, Stewart K"]
[Black "Makarov, Alexander"]
[Result "0-1"]
[WhiteElo "2093"]
[BlackElo "2209"]
[PlyCount "72"]
[EventDate "2010.11.06"]
[EventType "team-tourn"]
[EventRounds "4"]
[EventCountry "ENG"]
[SourceTitle "EXT 2012"]
[Source "ChessBase"]
[SourceDate "2011.11.24"]
[SourceVersion "1"]
[SourceVersionDate "2011.11.24"]
[SourceQuality "1"]
[WhiteTeam "Warwicks Select"]
[BlackTeam "Cambridge"]
[WhiteTeamCountry "ENG"]
[BlackTeamCountry "ENG"]

1. e4 c5 2. Nc3 e6 3. g3 d5 4. exd5 exd5 5. Bg2 Nf6 6. d3 d4 7. Ne4 Nxe4 8. dxe4 Nc6 9. Ne2 Bd6 10. 0-0 0-0 11. c3 Bg4 12. f3 Be6 13. Nf4 Bc4 14. Re1 Be5 15. cxd4 cxd4 16. Nd3 Qb6 17. Bf1 Rac8 18. Bd2 Bd6 19. f4 Qb5 20. a4 Qb6 21. e5 Be7 22. f5 Kh8 23. b3 Bxd3 24. Bxd3 Bb4 25. f6 g6 26. Re4 Rfe8 27. a5 Nxa5 28. Bh6 Rc3 29. Bg7+ Kg8 30. Qd2 Rxd3 31. Qh6 g5 32. Qxg5 Bd2 33. Qg4 Qe6 34. Qh5 Be3+ 35. Kf1 Rd2 36. Rg4 Qa6+ 0-1

[Event "BCF-chT3 1011 (4NCL)"]
[Site "England"]
[Date "2011.03.26"]
[Round "7.32"]
[White "Fishburne, Stewart K"]
[Black "Maciol, Ryszard"]
[Result "0-1"]
[WhiteElo "2093"]
[BlackElo "2178"]
[PlyCount "74"]
[EventDate "2010.11.06"]
[EventType "team-swiss"]
[EventRounds "9"]
[EventCountry "ENG"]
[SourceTitle "EXT 2012"]
[Source "ChessBase"]
[SourceDate "2011.11.24"]
[SourceVersion "1"]
[SourceVersionDate "2011.11.24"]
[SourceQuality "1"]
[WhiteTeam "Warwicks Select II"]
[BlackTeam "Celtic Tigers"]
[WhiteTeamCountry "ENG"]
[BlackTeamCountry "ENG"]

1. e4 e6 2. d4 d5 3. Nc3 Bb4 4. e5 b6 5. Bd2 Qd7 6. Nf3 Ba6 7. Bxa6 Nxa6 8. Qe2 Nb8 9. 0-0 Ne7 10. Nb1 Bxd2 11. Nbxd2 0-0 12. c3 c5 13. Nb3 c4 14. Nbd2 b5 15. Nh4 Ng6 16. Qg4 Qe7 17. Nhf3 Nd7 18. h4 f5 19. exf6 Rxf6 20. g3 Nb6 21. h5 Nf8 22. Rfe1 Na4 23. Ne5 Nxb2 24. f4 Na4 25. Qf3 Qd6 26. Ng4 Rf7 27. h6 g6 28. Ne5 Rc7 29. g4 Nd7 30. Qg3 Rf8 31. Ndf3 Nxc3 32. Ng5 Nxe5 33. fxe5 Qe7 34. Nxe6 Qxe6 35. Qxc3 Qxg4+ 36. Kh1 Rf3 37. Re3 Qh3+ 0-1

[Event "BCF-chT1a 1011 (4NCL)"]
[Site "England"]
[Date "2011.02.20"]
[Round "6.14"]
[White "Bellin, Robert"]
[Black "Fishburne, Stewart K"]
[Result "1-0"]
[WhiteElo "2367"]
[BlackElo "2093"]
[PlyCount "113"]
[EventDate "2010.11.06"]
[EventType "team-tourn"]
[EventRounds "7"]
[EventCountry "ENG"]
[SourceTitle "EXT 2012"]
[Source "ChessBase"]
[SourceDate "2011.11.24"]
[SourceVersion "1"]
[SourceVersionDate "2011.11.24"]
[SourceQuality "1"]
[WhiteTeam "Cheddleton"]
[BlackTeam "Warwicks Select"]
[WhiteTeamCountry "ENG"]
[BlackTeamCountry "ENG"]

1. e4 g6 2. d4 Bg7 3. Nc3 d6 4. f4 Nf6 5. Nf3 0-0 6. Bd3 Nc6 7. 0-0 Bg4 8. e5 dxe5 9. dxe5 Nd5 10. h3 Bxf3 11. Qxf3 Ncb4 12. Nxd5 Nxd5 13. a3 c6 14. c4 Nc7 15. Rd1 Qc8 16. Be3 f6 17. exf6 Bxf6 18. Rd2 Ne6 19. c5 Nc7 20. Bc4+ e6 21. g3 Nd5 22. Re1 Qd7 23. Bd4 Qg7 24. Bxf6 Qxf6 25. Qg4 Rae8 26. Re5 Re7 27. Rde2 Rfe8 28. h4 h5 29. Qf3 Kf7 30. R2e4 Rh8 31. Qe2 Rhe8 32. Qe1 Rh8 33. Kg2 Ree8 34. Qa5 a6 35. Qe1 Re7 36. b4 Ree8 37. Qd2 Re7 38. Re2 Ree8 39. Qe1 Re7 40. Qc1 Ree8 41. Qc2 Rhg8 42. Qb3 Re7 43. Qf3 Ree8 44. Kh3 Re7 45. a4 Rge8 46. Qb3 Rc8 47. b5 axb5 48. axb5 Ree8 49. Qf3 Rcd8 50. f5 gxf5 51. Qxh5+ Kg7 52. Qf3 Re7 53. b6 Rc8 54. Qf2 Kf7 55. Bd3 Kg7 56. Qf3 Ree8 57. Bxf5 1-0

[Event "BCF-chT3 1011 (4NCL)"]
[Site "England"]
[Date "2010.11.06"]
[Round "1.36"]
[White "Ireland, David J"]
[Black "Fishburne, Stewart K"]
[Result "1/2-1/2"]
[WhiteElo "2019"]
[BlackElo "2093"]
[PlyCount "50"]
[EventDate "2010.11.06"]
[EventType "team-swiss"]
[EventRounds "9"]
[EventCountry "ENG"]
[SourceTitle "CBM 139 Extra"]
[Source "ChessBase"]
[SourceDate "2011.01.05"]
[SourceVersion "1"]
[SourceVersionDate "2011.01.05"]
[SourceQuality "1"]
[WhiteTeam "e2e4.org.uk III"]
[BlackTeam "Warwicks Select II"]
[WhiteTeamCountry "ENG"]
[BlackTeamCountry "ENG"]

1. d4 g6 2. c4 Bg7 3. e4 d6 4. Nc3 Nd7 5. Nf3 e5 6. Be2 Ne7 7. 0-0 0-0 8. Be3 h6 9. dxe5 dxe5 10. Qd2 Kh7 11. Rfd1 f5 12. Ne1 fxe4 13. Nxe4 Qe8 14. Bf3 Nf5 15. Nc2 Qe7 16. b4 c6 17. Rab1 Nxe3 18. Nxe3 Nf6 19. Qd6 Qf7 20. Nxf6+ Bxf6 21. Bg4 Bg7 22. f3 Bxg4 23. Nxg4 Qxc4 24. Nxe5 Bxe5 25. Qxe5 Rf7 1/2-1/2

[Event "BCF-chT2b 0910 (4NCL)"]
[Site "England"]
[Date "2010.02.20"]
[Round "5.8"]
[White "Fishburne, Stewart K"]
[Black "Shields, Callum T"]
[Result "1-0"]
[WhiteElo "2106"]
[BlackElo "1530"]
[PlyCount "65"]
[EventDate "2009.10.24"]
[EventType "team-tourn"]
[EventRounds "11"]
[EventCountry "ENG"]
[SourceTitle "EXT 2010"]
[Source "ChessBase"]
[SourceDate "2010.11.25"]
[SourceVersion "1"]
[SourceVersionDate "2010.11.25"]
[SourceQuality "1"]
[WhiteTeam "Warwicks Select"]
[BlackTeam "FCA Solutions"]
[WhiteTeamCountry "ENG"]
[BlackTeamCountry "ENG"]

1. e4 e5 2. Nf3 Nc6 3. Bb5 Nge7 4. 0-0 b6 5. c3 Bb7 6. d4 a6 7. Bxc6 Nxc6 8. d5 Ne7 9. Nxe5 f6 10. Nd3 f5 11. f3 g6 12. c4 Bg7 13. Bg5 h6 14. Bxe7 Qxe7 15. exf5 0-0-0 16. fxg6 Qh4 17. Nc3 Qxc4 18. Rc1 Bxd5 19. Nxd5 Qxd5 20. Qc2 c6 21. Rfd1 a5 22. b4 Qd4+ 23. Kh1 axb4 24. Qa4 b5 25. Qa5 Kb8 26. Nc5 Kc8 27. Qa7 Qxc5 28. Qxc5 Kb7 29. Qe7 Rhg8 30. Rxd7+ Rxd7 31. Qxd7+ Kb6 32. Rxc6+ Ka5 33. Qa7# 1-0

[Event "BCF-chT2b 0910 (4NCL)"]
[Site "England"]
[Date "2009.10.24"]
[Round "1.6"]
[White "Fishburne, Stewart K"]
[Black "Josse, Mark"]
[Result "1-0"]
[WhiteElo "2106"]
[BlackElo "2064"]
[PlyCount "75"]
[EventDate "2009.10.24"]
[EventType "team-tourn"]
[EventRounds "11"]
[EventCountry "ENG"]
[SourceTitle "EXT 2010"]
[Source "ChessBase"]
[SourceDate "2010.11.25"]
[SourceVersion "1"]
[SourceVersionDate "2010.11.25"]
[SourceQuality "1"]
[WhiteTeam "Warwicks Select"]
[BlackTeam "Celtic Tigers"]
[WhiteTeamCountry "ENG"]
[BlackTeamCountry "ENG"]

1. e4 c5 2. Nc3 Nc6 3. g3 g6 4. Bg2 Bg7 5. d3 d6 6. Be3 e5 7. Qd2 Nge7 8. Bh6 0-0 9. Bxg7 Kxg7 10. Nge2 Nd4 11. 0-0 Be6 12. f4 f6 13. Rf2 Qd7 14. Raf1 Rad8 15. Nd1 Bg4 16. Nec3 exf4 17. Rxf4 Bxd1 18. Nxd1 Qa4 19. Ne3 Qxa2 20. c3 Ndc6 21. Qf2 Ng8 22. Nd5 Ne5 23. Rd1 Qb3 24. Qd2 c4 25. Bf1 cxd3 26. Bxd3 Rd7 27. Ra1 Nxd3 28. Qxd3 Qxb2 29. Rff1 f5 30. Rfb1 Qxb1+ 31. Rxb1 fxe4 32. Qd4+ Nf6 33. Nxf6 Rxf6 34. Rf1 Rdf7 35. Rxf6 Rxf6 36. Qxe4 b6 37. Qe7+ Rf7 38. Qxd6 1-0

[Event "BCF-chT3 0809 (4NCL)"]
[Site "Hinckley Island"]
[Date "2009.02.07"]
[Round "5.1"]
[White "Reynolds, D Ian W"]
[Black "Fishburne, Stewart K"]
[Result "1/2-1/2"]
[WhiteElo "2108"]
[BlackElo "2115"]
[PlyCount "44"]
[EventDate "2008.10.18"]
[EventType "team-swiss"]
[EventRounds "11"]
[EventCountry "ENG"]
[SourceTitle "EXT 2010"]
[Source "ChessBase"]
[SourceDate "2010.11.25"]
[SourceVersion "1"]
[SourceVersionDate "2010.11.25"]
[SourceQuality "1"]
[WhiteTeam "ICENI"]
[BlackTeam "Warwicks Select II"]
[WhiteTeamCountry "ENG"]
[BlackTeamCountry "ENG"]

1. e4 g6 2. d4 Bg7 3. Nc3 d6 4. Be3 a6 5. a4 Nf6 6. h3 0-0 7. Nf3 b6 8. Bd3 e6 9. 0-0 Bb7 10. Qd2 Nbd7 11. Bh6 e5 12. Bxg7 Kxg7 13. Rfe1 Re8 14. Bc4 exd4 15. Qxd4 Ne5 16. Nxe5 dxe5 17. Qe3 Qd4 18. Qe2 Qc5 19. Rad1 a5 20. Bb3 Rad8 21. Rxd8 Rxd8 22. Qc4 Qxc4 1/2-1/2

[Event "BCF-chT3 0708 (4NCL)"]
[Site "Sunningdale"]
[Date "2008.01.12"]
[Round "5.4"]
[White "Fishburne, Stewart K"]
[Black "Coates, David H"]
[Result "1-0"]
[WhiteElo "2139"]
[BlackElo "2056"]
[PlyCount "75"]
[EventDate "2007.09.15"]
[EventType "team-tourn"]
[EventRounds "11"]
[EventCountry "ENG"]
[SourceTitle "EXT 2023"]
[Source "ChessBase"]
[SourceDate "2022.10.05"]
[SourceVersion "1"]
[SourceVersionDate "2022.10.05"]
[SourceQuality "1"]
[WhiteTeam "Warwicks Select"]
[BlackTeam "Pandoras Box"]
[WhiteTeamCountry "ENG"]
[BlackTeamCountry "ENG"]

1. e4 c5 2. Nc3 Nc6 3. g3 g6 4. Bg2 Bg7 5. d3 d6 6. Be3 Rb8 7. Qd2 b5 8. f4 b4 9. Nd1 Qb6 10. Nf3 f5 11. exf5 gxf5 12. 0-0 Nf6 13. Kh1 0-0 14. Bg1 a5 15. Ne3 e6 16. Nc4 Qc7 17. Rae1 Re8 18. Re2 h6 19. Rfe1 Kf7 20. Nxd6+ Qxd6 21. Ne5+ Nxe5 22. fxe5 Qc7 23. exf6 Kxf6 24. Re5 Bf8 25. Bxc5 Bg7 26. Qf4 Qd7 27. R5e2 Bb7 28. Qd4+ Qxd4 29. Bxd4+ Kf7 30. Bxg7 Bxg2+ 31. Kxg2 Kxg7 32. Rxe6 Rec8 33. R1e2 a4 34. Re7+ Kf6 35. R2e6+ Kg5 36. h4+ Kh5 37. Rh7 Rxc2+ 38. Kh3 1-0

[Event "BCF-chT2 0607 (4NCL)"]
[Site "Sunningdale"]
[Date "2007.05.07"]
[Round "11.4"]
[White "Britton, Richard"]
[Black "Fishburne, Stewart K"]
[Result "1-0"]
[WhiteElo "2251"]
[BlackElo "2200"]
[PlyCount "107"]
[EventDate "2006.09.16"]
[EventType "team"]
[EventRounds "11"]
[EventCountry "ENG"]
[SourceTitle "EXT 2008"]
[Source "ChessBase"]
[SourceDate "2007.11.25"]
[SourceVersion "1"]
[SourceVersionDate "2007.11.25"]
[SourceQuality "1"]
[WhiteTeam "Hilsmark Kingfisher II"]
[BlackTeam "Warwicks Select"]
[WhiteTeamCountry "ENG"]
[BlackTeamCountry "ENG"]

1. e4 g6 2. d4 Bg7 3. Nc3 d6 4. f4 Nf6 5. Nf3 0-0 6. Bd3 Nc6 7. e5 dxe5 8. dxe5 Nd5 9. Bd2 Ncb4 10. Be4 Nxc3 11. Bxc3 Qxd1+ 12. Rxd1 Na6 13. Bd4 c6 14. c4 Bg4 15. h3 Bxf3 16. Bxf3 f6 17. 0-0 fxe5 18. fxe5 Rad8 19. b3 Nb8 20. Bxa7 Bxe5 21. Bb6 Rxd1 22. Rxd1 Bd6 23. Bg4 Na6 24. Bd4 Rf4 25. Be6+ Kf8 26. Rf1 Rxf1+ 27. Kxf1 c5 28. Be3 Kg7 29. a3 b6 30. Ke2 Nc7 31. Bd7 Kf6 32. Kd3 Ne6 33. Bxe6 Kxe6 34. Ke4 Kd7 35. Bd2 e6 36. b4 Bg3 37. b5 Bc7 38. a4 Ke7 39. g4 Ke8 40. Be3 Kd7 41. a5 bxa5 42. Bxc5 Bd6 43. Bb6 a4 44. c5 Bg3 45. Kd4 Kc8 46. Kc4 Be1 47. c6 Kb8 48. Bd4 Bg3 49. Kb4 e5 50. Bc5 e4 51. Kxa4 Bf4 52. b6 e3 53. Kb5 e2 54. Bf2 1-0

[Event "BCF-chT2 0607 (4NCL)"]
[Site "Sunningdale"]
[Date "2006.11.11"]
[Round "3.4"]
[White "Corkett, Anthony R"]
[Black "Fishburne, Stewart K"]
[Result "1-0"]
[WhiteElo "2339"]
[BlackElo "2200"]
[PlyCount "73"]
[EventDate "2006.09.16"]
[EventType "team"]
[EventRounds "11"]
[EventCountry "ENG"]
[SourceTitle "CBM 115 Extra"]
[Source "ChessBase"]
[SourceDate "2007.01.10"]
[SourceVersion "1"]
[SourceVersionDate "2007.01.10"]
[SourceQuality "1"]
[WhiteTeam "Wessex"]
[BlackTeam "Warwicks Select"]
[WhiteTeamCountry "ENG"]
[BlackTeamCountry "ENG"]

1. e4 g6 2. d4 Bg7 3. Nc3 d6 4. Nf3 Nf6 5. Be2 0-0 6. 0-0 c6 7. h3 Qc7 8. Be3 Nbd7 9. Qd2 b5 10. Bd3 Bb7 11. Rfe1 a6 12. Bh6 b4 13. Na4 a5 14. Bxg7 Kxg7 15. e5 Nd5 16. e6 N7b6 17. Nxb6 Qxb6 18. exf7 h6 19. Re6 Nf6 20. Rxe7 Bc8 21. Rae1 Nd5 22. R7e4 Bd7 23. Rh4 Rh8 24. c4 bxc3 25. bxc3 Raf8 26. c4 Nf6 27. c5 dxc5 28. dxc5 Qxc5 29. Ne5 g5 30. Rc4 Qd6 31. Qc3 Rxf7 32. Rd4 Qc7 33. Nxf7 Kxf7 34. Bc4+ Kg6 35. Re7 Rd8 36. Qd3+ Kh5 37. Bf7# 1-0

[Event "BCF-chT2 0506 (4NCL)"]
[Site "Birmingham"]
[Date "2005.10.22"]
[Round "1.7"]
[White "Fishburne, Stewart K"]
[Black "Morris, Charles F"]
[Result "1/2-1/2"]
[WhiteElo "2170"]
[BlackElo "2203"]
[PlyCount "45"]
[EventDate "2005.10.22"]
[EventType "team"]
[EventRounds "11"]
[EventCountry "ENG"]
[SourceTitle "EXT 2007"]
[Source "ChessBase"]
[SourceDate "2006.11.23"]
[SourceVersion "1"]
[SourceVersionDate "2006.11.23"]
[SourceQuality "1"]
[WhiteTeam "Warwicks Select"]
[BlackTeam "SW Dragons"]
[WhiteTeamCountry "ENG"]
[BlackTeamCountry "ENG"]

1. e4 e6 2. d4 d5 3. Nc3 Nf6 4. e5 Nfd7 5. f4 c5 6. Nf3 Nc6 7. Be3 cxd4 8. Nxd4 Bc5 9. Qd2 a6 10. 0-0-0 0-0 11. Kb1 Qc7 12. h4 b5 13. Nxc6 Qxc6 14. Bxc5 Nxc5 15. Bd3 b4 16. Ne2 a5 17. Rh3 Ba6 18. f5 Bxd3 19. cxd3 exf5 20. Nd4 Qb6 21. Rf1 f4 22. Rxf4 Ne6 23. Nxe6 1/2-1/2